000
00303nam a2200121Ia 4500
008
191201s2014 xx 000 0 und d
100
_a
MUKHERJEE, D P
245
0
_a
Fundamentals of Computer Graphics and Multimedia
250
_a
Rep
260
_c
2014
_b
PHI
_a
NEW DELHI
300
_a
182
942
_2
ddc
_c
BK
999
_c
7918
_d
7918